[Event "II liga gr pld"]
[Site "Wisla"]
[Date "1998.11.12"]
[Round "7"]
[White "Stefanek, Piotr"]
[Black "Panczyk, Krzysztof"]
[Result "1/2-1/2"]
[WhiteElo "2215"]
[BlackElo "2365"]
[PlyCount "109"]
[EventDate "1998.11.??"]
[EventType "team"]
[EventRounds "10"]
[EventCountry "POL"]

1. e4 e5 2. Nf3 Nc6 3. Bc4 Nf6 4. d3 Bc5 5. c3 O-O 6. Nbd2 a6 7. h3 Ba7 8. O-O
d6 9. Bb3 Nh5 10. Nc4 Qf6 11. Kh2 Nf4 12. Be3 b5 13. Na3 Ne7 14. Nc2 Kh8 15. a4
bxa4 16. Rxa4 Qh6 17. Ng1 f5 18. Qd2 fxe4 19. dxe4 Bd7 20. Ra3 Bxe3 21. Nxe3 {
Diagram #} Nxh3 22. gxh3 Bxh3 23. Nxh3 Rf3 24. Be6 Qxe6 25. Nf5 Nxf5 26. Ng5
Qh6+ 27. Kg1 Nh4 28. c4 Rf4 $4 29. Qxf4 exf4 30. Nf7+ Kg8 31. Nxh6+ gxh6 32. b4
Kf7 33. Rh3 Rg8+ 34. Kh2 Ng6 35. Rxh6 Kg7 36. Rh5 Rb8 37. b5 axb5 38. Rxb5 Re8
39. Rb7 Re7 40. Ra1 Kf6 41. Kg2 Rxe4 42. Rxc7 Ne5 43. Rxh7 f3+ 44. Kg3 Rg4+ 45.
Kh3 Rxc4 46. Ra6 Rd4 47. Rh6+ Ng6 48. Kg3 Kg5 49. Rh7 Ne5 50. Rg7+ Kf5 51. Ra8
Rd1 52. Rgg8 Rg1+ 53. Kh2 Rf1 54. Ra2 Ng4+ 55. Rxg4 1/2-1/2

[Event "II liga gr pn"]
[Site "Lublin"]
[Date "1999.09.17"]
[Round "8"]
[White "Panczyk, Krzysztof"]
[Black "Swiatlowski, Lukasz"]
[Result "1-0"]
[WhiteElo "2333"]
[BlackElo "2149"]
[PlyCount "77"]
[EventDate "1999.09.??"]
[EventType "team"]
[EventRounds "10"]
[EventCountry "POL"]

1. d4 Nf6 2. c4 g6 3. Nc3 Bg7 4. e4 d6 5. Bd3 e5 6. d5 O-O 7. Nge2 Na6 8. O-O
Nh5 9. Be3 f5 10. exf5 gxf5 11. f3 Qh4 12. Qd2 Qe7 13. a3 c5 14. Bc2 Bd7 15.
Rab1 b6 16. b4 Rfc8 17. b5 Nc7 18. a4 Kh8 19. a5 Rg8 20. Kh1 Bf6 21. Ra1 f4 22.
Bf2 Bh4 23. Qe1 Qg5 24. Rg1 Bxf2 25. Qxf2 Ng3+ {Diagram #} 26. Nxg3 fxg3 27.
Qxg3 Qd2 28. Qh4 Qxc2 29. axb6 axb6 30. Qf6+ Rg7 31. Rxa8+ Nxa8 32. Ne4 Be8 33.
Qxd6 Bf7 34. Qb8+ Rg8 35. Qxe5+ Rg7 36. d6 Qd3 37. Qa1 Bg8 38. Rd1 Qc2 39. Rd2
1-0

[Event "Gawlikowski-mem"]
[Site "Warsaw"]
[Date "2002.12.21"]
[Round "4"]
[White "Panczyk, Krzysztof"]
[Black "Malakhatko, Vadim"]
[Result "0-1"]
[WhiteElo "2333"]
[BlackElo "2515"]
[Annotator "Panczyk,K"]
[PlyCount "105"]
[EventDate "2002.12.??"]
[EventType "swiss (rapid)"]
[EventRounds "11"]
[SourceDate "2000.01.01"]

1. d4 d5 2. c4 e6 3. Nc3 Be7 4. Nf3 Nf6 5. Bg5 h6 6. Bh4 O-O 7. e3 b6 8. Rc1
Bb7 9. cxd5 exd5 10. Bd3 Nbd7 11. O-O Re8 12. Ne5 Nxe5 13. dxe5 Ne4 14. Bg3
Nxg3 15. hxg3 Bc5 16. Na4 Bf8 17. f4 c5 18. Bb1 g6 19. Qc2 Bg7 20. Rcd1 Qe7 21.
Nc3 Rad8 22. Qb3 Qe6 23. Nb5 Rd7 24. Nxa7 Qg4 25. Nb5 Qxg3 26. Rf3 Qh4 27. Nd6
Rxd6 28. exd6 Qd8 29. d7 Re7 30. f5 Rxd7 31. fxg6 fxg6 32. Bxg6 Kh8 33. Bb1 d4
34. Qd3 Bf6 35. Rh3 Bg5 36. exd4 cxd4 37. Rf1 Qg8 38. Qe2 Be3+ 39. Kh1 Rg7 {#}
40. Qxe3 Bxg2+ 41. Kh2 dxe3 42. Rxh6+ Rh7 {Diagram #} 43. Rxh7+ $4 (43. Bxh7 $1
{12/2/2/2/2} Qg7 (43... Qb8+ 44. Kxg2 Kg7 45. Rh4 Qc8 46. Bd3 Qe6 47. Be2 Qd5+
48. Kg1 Qd7 49. Rg4+ $18 {[%eval 875,12]}) (43... Bxf1 44. Bxg8+ Kxg8 45. Rxb6
(45. Kg1 e2 46. Kf2 b5 47. Ke1 Kf7 48. Rb6 Ke7 49. Rxb5 $18 {[%eval 328,12]})
45... e2 46. Re6 Kf7 47. Re3 Kf6 48. Kg3 Kg6 49. a4 $18 {[%eval 456,12]}) 44.
Rff6 Qxf6 45. Rxf6 e2 46. Re6 Bd5 47. Rxe2 Kxh7 48. Re5 Bc4 49. a4 $18 {[%eval
406,12]}) 43... Qxh7+ 44. Bxh7 Bxf1 45. Kg3 Kxh7 46. Kf3 e2 47. Kf2 Kg6 48. b4
Kf5 49. a4 Ke4 50. a5 bxa5 51. bxa5 Kd3 52. Ke1 Bg2 53. a6 {The end} 0-1

[Event "European Rapid Championship"]
[Site "Warszawa"]
[Date "2005.12.17"]
[Round "3"]
[White "Przezdziecka, Ewa"]
[Black "Panczyk, Krzysztof"]
[Result "0-1"]
[WhiteElo "2011"]
[BlackElo "2347"]
[PlyCount "92"]
[EventDate "2005.12.17"]
[EventType "swiss (rapid)"]
[EventRounds "13"]
[EventCountry "POL"]

1. d4 f5 2. g3 Nf6 3. Bg2 g6 4. c4 Bg7 5. Nc3 O-O 6. Nh3 d6 7. d5 Na6 8. Rb1
Nc5 9. b4 Nce4 (9... Nfe4 $1) 10. Bb2 Nxc3 (10... e5) 11. Bxc3 e5 12. dxe6 Bxe6
13. Bxb7 Rb8 14. Bd5 Nxd5 15. Bxg7 Ne3 16. Qc1 Kxg7 17. Qxe3 Qf6 18. Qd3 $2 {
Diagram #} f4 $1 19. Nxf4 Bf5 20. Qb3 Bxb1 21. Qxb1 Qc3+ 22. Kf1 Rxb4 23. Qe4
Rxc4 24. Qe7+ Kg8 25. Qe6+ $2 (25. Ne6 Qf6 26. Qxf8+ Qxf8 27. Nxf8 Kxf8 $17)
25... Kh8 26. Kg2 Rc5 27. Nd5 Qe5 28. Qxe5+ dxe5 29. Ne3 Rd8 30. Rb1 Rd2 31. a4
Rxe2 32. Rb7 a5 33. Kf3 Ra2 34. Ng4 Rxa4 35. Nf6 Rb4 36. Ra7 a4 37. Ne4 Rc6 38.
Ra5 Rb3+ 39. Kg2 a3 40. Nd2 Rb2 41. Nf3 a2 42. Nxe5 Rc1 $2 43. Nd3 Rcc2 44. g4
$2 Rb1 45. Ra8+ Kg7 46. Nf4 a1=Q 0-1